Inovace a životní prostředí

Prístupy medzinárodných organizácií k problému ekoinovácií. Teoretické hľadiská, ktoré dnes ovplyvňujú pojem inovácie. Koncepcie inovačného systému zmien, jeho inštitucionálneho usporiadania a možnosti jeho zobrazenia. Projekt OECD na udržateľnost priemyselnej výroby a ekoinovácií (The OECD Project...

Descripción completa

Guardado en:
Detalles Bibliográficos
Autor principal: Luňáčková, Petra
Otros Autores: Müller, Karel
Formato: Capítulo de libro
Lenguaje:checo
Materias:
Etiquetas: Agregar Etiqueta
Sin Etiquetas, Sea el primero en etiquetar este registro!

MARC

LEADER 00000nla a2200000 4500
001 0199043
005 20240417075055.6
041 0 |a cze 
044 |a CZ 
245 1 0 |a Inovace a životní prostředí  |c Petra Luňáčková, Karel Müller 
520 |a Prístupy medzinárodných organizácií k problému ekoinovácií. Teoretické hľadiská, ktoré dnes ovplyvňujú pojem inovácie. Koncepcie inovačného systému zmien, jeho inštitucionálneho usporiadania a možnosti jeho zobrazenia. Projekt OECD na udržateľnost priemyselnej výroby a ekoinovácií (The OECD Project on Sustainable Manufacturing and Ecoinnovation). 
610 2 0 |a inovácia 
610 2 0 |a inovácie environmentálne 
610 2 0 |a hodnota pridaná spracovaním 
610 2 0 |a modernizácia 
610 2 0 |a technológia 
610 2 0 |a výroba ekologická 
100 1 |a Luňáčková, Petra 
700 1 |a Müller, Karel